| 000 | 01105nam a2200229Ia 4500 | ||
|---|---|---|---|
| 003 | Ost | ||
| 005 | 20260507075639.0 | ||
| 008 | 260507s9999||||xx |||||||||||||| ||und|| | ||
| 020 | _a9957320521 | ||
| 040 | _cfsecg | ||
| 041 | _aara | ||
| 082 | _a657.46 | ||
| 100 |
_aرضوان، حلوة حنان _eمؤلف |
||
| 245 | 0 |
_aأسس المحاسبة المالية : _bقياس بنود قائمة المركز المالي / _c حلوة حنان رضوان |
|
| 260 |
_aعمان: _bدار الحامد, _c2004 |
||
| 300 |
_a400 صفحة؛ _bإيضاحات ؛ _c25 سم |
||
| 504 | _aالمراجع ص. 399 | ||
| 520 | _aالطار النظري للقياس المحاسبي، أسس قياس قائمة المركز المالي،النقدية،الاستثمارات المالية،المخزون السلعي،الاصول الثابتة،الالتزامات المتداولة،الالتزامات طويلة الاجل،حقوق الملكية | ||
| 653 | _aالمحاسبة التحليلية | ||
| 700 |
_aالحارس، أسامة وآخرون _eمؤلف ثانوي |
||
| 942 | _cكتاب | ||
| 999 |
_c45365 _d45365 |
||